[Event "Bremen-ch"]
[Site "Bremen"]
[Date "2019.04.14"]
[Round "2.23"]
[White "Nagel, Rudolf"]
[Black "Koerber, Uwe"]
[Result "0-1"]
[WhiteElo "1458"]
[BlackElo "1762"]
[PlyCount "56"]
[EventDate "2019.04.13"]
[EventType "swiss"]
[EventRounds "9"]
[EventCountry "GER"]
[SourceTitle "EXT 2020"]
[Source "ChessBase"]
[SourceDate "2019.10.17"]
[SourceVersion "1"]
[SourceVersionDate "2019.10.17"]
[SourceQuality "1"]

1. e4 c5 2. Nc3 Nc6 3. a3 g6 4. Bc4 Bg7 5. f4 e6 6. Nf3 Nge7 7. 0-0 0-0 8. d3 d5 9. exd5 exd5 10. Ba2 Bg4 11. Rb1 Nd4 12. h3 Nxf3+ 13. Rxf3 Bxf3 14. Qxf3 Re8 15. Bd2 Rc8 16. Nxd5 c4 17. Bxc4 Nxd5 18. Bxd5 Rxc2 19. Bc3 Qb6+ 20. d4 Rxc3 21. bxc3 Qxb1+ 22. Kh2 Re7 23. a4 h5 24. Bc4 Re1 25. Qd5 Rh1+ 26. Kg3 Qe1+ 27. Kf3 Qxc3+ 28. Ke2 Re1+ 0-1

[Event "Bremen-ch op"]
[Site "Bremen"]
[Date "2016.03.26"]
[Round "9"]
[White "Zimmermann, Erik"]
[Black "Nagel, Rudolf"]
[Result "0-1"]
[WhiteElo "1626"]
[BlackElo "1388"]
[PlyCount "74"]
[EventDate "2016.03.19"]
[EventType "swiss"]
[EventRounds "9"]
[EventCountry "GER"]
[SourceTitle "EXT 2018"]
[Source "ChessBase"]
[SourceDate "2017.10.13"]
[SourceVersion "1"]
[SourceVersionDate "2017.10.13"]
[SourceQuality "1"]

1. e4 e5 2. Nf3 d6 3. h3 Nf6 4. Nc3 c5 5. Bc4 Nc6 6. Ng5 Be6 7. Bxe6 fxe6 8. Nxe6 Qe7 9. Nb5 Rc8 10. Nxf8 Qxf8 11. d3 h6 12. f4 Qe7 13. f5 a6 14. Nc3 Qf7 15. 0-0 g5 16. Be3 Kd7 17. Na4 Kc7 18. c4 Nh5 19. Qb3 Qe7 20. Nb6 Kb8 21. Qd1 Qf7 22. Nxc8 Kxc8 23. a3 Nf4 24. Bxf4 gxf4 25. Rf3 Rg8 26. Kf1 Qg7 27. Rf2 Qg3 28. Kg1 Nd4 29. Kh1 Qxf2 30. Qg1 Qxb2 31. Rb1 Qxa3 32. f6 Qxd3 33. f7 Rf8 34. Rb6 Ne2 35. Qe1 Ng3+ 36. Kg1 Rxf7 37. Rb2 Qd4+ 0-1

[Event "Bremen-ch op"]
[Site "Bremen"]
[Date "2016.03.25"]
[Round "8"]
[White "Nagel, Rudolf"]
[Black "Borbely, Kurt"]
[Result "1-0"]
[WhiteElo "1388"]
[BlackElo "1054"]
[PlyCount "87"]
[EventDate "2016.03.19"]
[EventType "swiss"]
[EventRounds "9"]
[EventCountry "GER"]
[SourceTitle "EXT 2018"]
[Source "ChessBase"]
[SourceDate "2017.10.13"]
[SourceVersion "1"]
[SourceVersionDate "2017.10.13"]
[SourceQuality "1"]

1. e4 e6 2. d4 d5 3. e5 c5 4. c3 Nc6 5. f4 Qb6 6. Nf3 f6 7. b3 Nge7 8. Bb2 Ng6 9. exf6 gxf6 10. g3 c4 11. Na3 Bxa3 12. Bxa3 Qa5 13. Bb2 b5 14. Bh3 h6 15. Qe2 Nd8 16. Bxe6 Bxe6 17. f5 Nf8 18. fxe6 Ndxe6 19. Nh4 Qb6 20. Qh5+ Ke7 21. Qxd5 Rd8 22. Qe4 Kf7 23. 0-0 Ng5 24. Qf5 Qe6 25. Rae1 Qxf5 26. Rxf5 Nfe6 27. Ref1 Ne4 28. Rxb5 Rd7 29. Re1 N6g5 30. bxc4 Rg8 31. Kg2 Nd6 32. Rc5 Nde4 33. Rc6 Re8 34. c5 Rde7 35. Nf5 Rb7 36. Ba3 Nxc3 37. Rxe8 Kxe8 38. Nd6+ Kd7 39. Ra6 Rc7 40. Bb4 Nce4 41. Nb5 Rc6 42. Rxa7+ Ke6 43. Nc7+ Kf5 44. d5 1-0

[Event "Bremen-ch op"]
[Site "Bremen"]
[Date "2016.03.24"]
[Round "7"]
[White "Dietrich, Igor"]
[Black "Nagel, Rudolf"]
[Result "1-0"]
[WhiteElo "1865"]
[BlackElo "1388"]
[PlyCount "97"]
[EventDate "2016.03.19"]
[EventType "swiss"]
[EventRounds "9"]
[EventCountry "GER"]
[SourceTitle "EXT 2018"]
[Source "ChessBase"]
[SourceDate "2017.10.13"]
[SourceVersion "1"]
[SourceVersionDate "2017.10.13"]
[SourceQuality "1"]

1. e4 e5 2. Nf3 d6 3. d4 exd4 4. Qxd4 Nf6 5. e5 Nc6 6. Bb5 dxe5 7. Qxd8+ Kxd8 8. Bxc6 bxc6 9. Nxe5 Be6 10. Nxc6+ Ke8 11. 0-0 Bd6 12. Nc3 a6 13. Bg5 Ng4 14. h3 h6 15. Bh4 Ne5 16. Nxe5 Bxe5 17. Na4 Bd6 18. Rfe1 Kd7 19. Rad1 Kc6 20. f3 g5 21. Bf2 h5 22. Bd4 Rhg8 23. Be5 Be7 24. Re3 Rac8 25. b3 g4 26. Rc3+ Kb7 27. h4 Bxh4 28. Nc5+ Ka7 29. Nxe6 fxe6 30. Rd7 gxf3 31. Rxf3 Bd8 32. Rc3 Kb7 33. a4 Rg5 34. Bh2 Rd5 35. Rxd5 exd5 36. Rc5 c6 37. Rc3 Bb6+ 38. Kf1 h4 39. Rf3 Bc5 40. Rf7+ Kb6 41. Rh7 Rf8+ 42. Ke1 Bf2+ 43. Ke2 Bg3 44. Bg1+ Ka5 45. Bc5 Re8+ 46. Kd3 Rf8 47. Rb7 Rf5 48. c3 Be1 49. Bb4# 1-0

[Event "Bremen-ch Seniors"]
[Site "Bremen"]
[Date "2015.01.07"]
[Round "3"]
[White "Nagel, Rudolf"]
[Black "Reeh, Axel"]
[Result "1-0"]
[WhiteElo "1432"]
[BlackElo "1476"]
[PlyCount "23"]
[EventDate "2015.01.05"]
[EventType "swiss"]
[EventRounds "7"]
[EventCountry "GER"]
[SourceTitle "EXT 2018"]
[Source "ChessBase"]
[SourceDate "2017.10.13"]
[SourceVersion "1"]
[SourceVersionDate "2017.10.13"]
[SourceQuality "1"]

1. e4 c5 2. Nc3 Nc6 3. a3 d6 4. Bc4 Nf6 5. f4 Bg4 6. Nf3 Bd7 7. 0-0 h6 8. e5 dxe5 9. Nxe5 Be6 10. Bxe6 fxe6 11. d3 Qd4+ 12. Kh1 1-0